Design : (Record no. 354029)
[ view plain ]
| 000 -LEADER | |
|---|---|
| fixed length control field | 00766nam a2200265 a 4500 |
| 001 - CONTROL NUMBER | |
| control field | ASIN1856691349 |
| 003 - CONTROL NUMBER IDENTIFIER | |
| control field | OSt |
| 005 - DATE AND TIME OF LATEST TRANSACTION | |
| control field | 20180116192424.0 |
| 008 - FIXED-LENGTH DATA ELEMENTS--GENERAL INFORMATION | |
| fixed length control field | 141111s1998 xxu eng d |
| 020 ## - INTERNATIONAL STANDARD BOOK NUMBER | |
| International Standard Book Number | 1856691349 (paperback) |
| 020 ## - INTERNATIONAL STANDARD BOOK NUMBER | |
| International Standard Book Number | 9781856691345 (paperback) |
| 040 ## - CATALOGING SOURCE | |
| Transcribing agency | sada |
| 050 04 - LIBRARY OF CONGRESS CALL NUMBER | |
| Classification number | NK1510 |
| 082 04 - DEWEY DECIMAL CLASSIFICATION NUMBER | |
| Classification number | 745.44 |
| 100 1# - MAIN ENTRY--PERSONAL NAME | |
| Personal name | HAUFFE, THOMAS. |
| 9 (RLIN) | 7851 |
| 245 10 - TITLE STATEMENT | |
| Title | Design : |
| Remainder of title | a concise history / |
| Statement of responsibility, etc. | Thomas Houffe. |
| 260 ## - PUBLICATION, DISTRIBUTION, ETC. | |
| Place of publication, distribution, etc. | London : |
| Name of publisher, distributor, etc. | LAURENCE KING, |
| Date of publication, distribution, etc. | 1998. |
| 300 ## - PHYSICAL DESCRIPTION | |
| Extent | 192 p. ; |
| Dimensions | 20 cm. |
| 490 1# - SERIES STATEMENT | |
| Series statement | Concise history series. |
| 500 ## - GENERAL NOTE | |
| General note | Import. |
| 650 #0 - SUBJECT ADDED ENTRY--TOPICAL TERM | |
| Topical term or geographic name entry element | Design |
| 9 (RLIN) | 7852 |
| 830 #0 - SERIES ADDED ENTRY--UNIFORM TITLE | |
| Uniform title | Concise history series. |
| 9 (RLIN) | 7853 |
| 856 40 - ELECTRONIC LOCATION AND ACCESS | |
| Materials specified | Amazon.com |
| Uniform Resource Identifier | <a href="http://www.amazon.com/exec/obidos/ASIN/1856691349/chopaconline-20">http://www.amazon.com/exec/obidos/ASIN/1856691349/chopaconline-20</a> |
| 942 ## - ADDED ENTRY ELEMENTS (KOHA) | |
| Source of classification or shelving scheme | |
| Koha item type | Book |
| Withdrawn status | Lost status | Source of classification or shelving scheme | Damaged status | Not for loan | Permanent Location | Current Location | Date acquired | Total Checkouts | Full call number | Barcode | Date last seen | Cost, replacement price | Price effective from | Koha item type | Date last checked out |
|---|---|---|---|---|---|---|---|---|---|---|---|---|---|---|---|
| School of Art Design and Architecture (SADA) | School of Art Design and Architecture (SADA) | 11/11/2014 | 745.44 HAU 1998 | SADA0002407 | 11/11/2014 | 0.00 | 11/11/2014 | Book | |||||||
| School of Art Design and Architecture (SADA) | School of Art Design and Architecture (SADA) | 11/11/2014 | 2 | 745.44 HAU 1998 | SADA0002408 | 02/06/2015 | 0.00 | 11/11/2014 | Book | 02/02/2015 |
